| 000 | 01275cad a22002175a 4500 | ||
|---|---|---|---|
| 001 | L153704 | ||
| 008 | 110822s2011 xxk f 000 0 eng d | ||
| 035 | _a(Sirsi) u153704 | ||
| 041 | 0 | _aeng | |
| 110 | 2 |
_aCMS Legal Services _95969 |
|
| 245 | 0 | 0 |
_aAnti-bribery and corruption laws _ban international guide _h[electronic resource] |
| 260 |
_aLondon _bCMS Legal Services _c2011 |
||
| 505 | 2 | _aUnited Kingdom -- Ukraine -- Switzerland -- Spain -- Slovenia -- Slovakia -- Serbia -- Russia -- Romania -- Poland -- The Netherlands -- Italy -- Hungary -- Germany -- France -- Czech Republic -- China -- Bulgaria -- Bosnia and Herzegovina -- Belgium -- Austria -- Albania | |
| 520 | _aOverview of the complex and changing laws across Europe; the UK's new Bribery Act, which came into force on 1 July 2011 is perhaps the most well publicised recent example of the laws becoming more stringent, but there have also been recent changes in Russia, Spain and Ukraine; also covers Albania and China. | ||
| 590 | _aKA NTK | ||
| 650 | 2 | 4 | _aBRIBERY |
| 651 | 4 | _aInternational | |
| 690 | _aMANAGEMENT-BUSINESS MANAGEMENT-PROFESSIONAL PRACTICE | ||
| 856 | 4 | 0 |
_uhttps://www.law-now.com/cmck/pdfs/nonsecured/antibriberyinternationalaug11.pdf _zOpen the pdf free of charge here |
| 942 | _n0 | ||
| 999 |
_c112658 _d112658 |
||